|
|
|
|
| LEADER |
00000nam0a2200000 4500 |
| 001 |
351202 |
| 005 |
20231102010359.0 |
| 035 |
|
|
|a (RuTPU)RU\TPU\retro\5983
|
| 090 |
|
|
|a 351202
|
| 100 |
|
|
|a 20190429d1919 m y0rusy50 ca
|
| 101 |
0 |
|
|a rus
|
| 102 |
|
|
|a RU
|
| 105 |
|
|
|a a z 001cy
|
| 200 |
1 |
|
|a Евреи в России. Несколько замечаний по еврейскому вопросу
|e с портретом Н. С. Лескова и вступительной статьей Ю. Гессена
|f Н. С. Лесков
|
| 210 |
|
|
|a Петроград
|c Государственное изд-во
|d 1919
|
| 215 |
|
|
|a 96 с.
|c ил.
|
| 606 |
1 |
|
|a Евреи в России
|x История
|2 stltpush
|3 (RuTPU)RU\TPU\subj\67249
|9 83132
|
| 610 |
1 |
|
|a 19 век
|
| 610 |
1 |
|
|a еврейский народ
|
| 610 |
1 |
|
|a еврейская культура
|
| 610 |
1 |
|
|a еврейская община
|
| 610 |
1 |
|
|a еврейский вопрос
|
| 610 |
1 |
|
|a публицистика
|
| 686 |
|
|
|a Т3(29=...)
|v LBC/SL-A
|2 rubbk
|
| 700 |
|
1 |
|a Лесков
|b Н. С.
|c русский писатель
|f 1831-1895
|g Николай Семенович
|2 stltpush
|3 (RuTPU)RU\TPU\pers\6063
|9 1188
|
| 702 |
|
1 |
|a Гессен
|b Ю. И.
|g Юлий Исидорович
|4 080
|
| 801 |
|
1 |
|a RU
|b 63413507
|c 20190429
|
| 801 |
|
2 |
|a RU
|b 63413507
|c 20190429
|g RCR
|
| 942 |
|
|
|c BK
|